<?xml version="1.0" encoding="UTF-8"?>
<record
    xmlns:xsi="http://www.w3.org/2001/XMLSchema-instance"
    xsi:schemaLocation="http://www.loc.gov/MARC21/slim http://www.loc.gov/standards/marcxml/schema/MARC21slim.xsd"
    xmlns="http://www.loc.gov/MARC21/slim">

  <leader>00762nam a2200229   4500</leader>
  <controlfield tag="005">20260402113232.0</controlfield>
  <controlfield tag="008">251128b        |||||||| |||| 00| 0 eng d</controlfield>
  <datafield tag="020" ind1=" " ind2=" ">
    <subfield code="a">978-93-94525-77-1</subfield>
  </datafield>
  <datafield tag="041" ind1=" " ind2=" ">
    <subfield code="a">eng</subfield>
  </datafield>
  <datafield tag="082" ind1=" " ind2=" ">
    <subfield code="2">2nd</subfield>
    <subfield code="a">AD 610.6 KAU B11868</subfield>
  </datafield>
  <datafield tag="100" ind1=" " ind2=" ">
    <subfield code="a">Kaur Taranpreet </subfield>
    <subfield code="9">217538</subfield>
  </datafield>
  <datafield tag="245" ind1=" " ind2=" ">
    <subfield code="a">Integrated Supervised Internship for GNM 3rd year part II nursing Students </subfield>
  </datafield>
  <datafield tag="250" ind1=" " ind2=" ">
    <subfield code="a">2nd</subfield>
  </datafield>
  <datafield tag="260" ind1=" " ind2=" ">
    <subfield code="a">New Delhi</subfield>
    <subfield code="b">CBS Publishers &amp; Distributors Pvt. Ltd.</subfield>
    <subfield code="c">2025</subfield>
  </datafield>
  <datafield tag="300" ind1=" " ind2=" ">
    <subfield code="a">xxxii, 344p</subfield>
    <subfield code="b">pb</subfield>
    <subfield code="c">24x17cm</subfield>
  </datafield>
  <datafield tag="365" ind1=" " ind2=" ">
    <subfield code="a">Rupaye</subfield>
    <subfield code="b">495</subfield>
  </datafield>
  <datafield tag="500" ind1=" " ind2=" ">
    <subfield code="a">Administration</subfield>
  </datafield>
  <datafield tag="521" ind1=" " ind2=" ">
    <subfield code="a">Integrated Supervised Internship for GNM 3rd year part II nursing Students 
2nd edition</subfield>
  </datafield>
  <datafield tag="650" ind1=" " ind2=" ">
    <subfield code="a">Administration</subfield>
    <subfield code="9">217539</subfield>
  </datafield>
  <datafield tag="651" ind1=" " ind2=" ">
    <subfield code="a">Administration</subfield>
    <subfield code="9">217540</subfield>
  </datafield>
  <datafield tag="942" ind1=" " ind2=" ">
    <subfield code="c">BK</subfield>
  </datafield>
  <datafield tag="999" ind1=" " ind2=" ">
    <subfield code="c">369190</subfield>
    <subfield code="d">369190</subfield>
  </datafield>
  <datafield tag="952" ind1=" " ind2=" ">
    <subfield code="0">0</subfield>
    <subfield code="1">0</subfield>
    <subfield code="2">ddc</subfield>
    <subfield code="4">0</subfield>
    <subfield code="7">3</subfield>
    <subfield code="8">REF</subfield>
    <subfield code="a">BTIN</subfield>
    <subfield code="b">BTIN</subfield>
    <subfield code="d">2025-11-18</subfield>
    <subfield code="e">Patil Medical Book</subfield>
    <subfield code="g">306.90</subfield>
    <subfield code="i">2026</subfield>
    <subfield code="l">0</subfield>
    <subfield code="o">AD 610.6 KAU B11868</subfield>
    <subfield code="p">BTIN-BK-11868</subfield>
    <subfield code="r">2025-11-28 13:35:00</subfield>
    <subfield code="t">38%</subfield>
    <subfield code="v">495.00</subfield>
    <subfield code="w">2025-10-29</subfield>
    <subfield code="y">BK</subfield>
    <subfield code="z">BTIN-BK-11868</subfield>
  </datafield>
  <datafield tag="952" ind1=" " ind2=" ">
    <subfield code="0">0</subfield>
    <subfield code="1">0</subfield>
    <subfield code="2">ddc</subfield>
    <subfield code="4">0</subfield>
    <subfield code="7">0</subfield>
    <subfield code="a">BTIN</subfield>
    <subfield code="b">BTIN</subfield>
    <subfield code="d">2025-11-18</subfield>
    <subfield code="e">Patil Medical Book</subfield>
    <subfield code="g">306.90</subfield>
    <subfield code="i">2026</subfield>
    <subfield code="l">5</subfield>
    <subfield code="m">1</subfield>
    <subfield code="o">AD 610.6 KAU B11869</subfield>
    <subfield code="p">BTIN-BK-11869</subfield>
    <subfield code="q">2026-04-13</subfield>
    <subfield code="r">2026-03-12 16:38:00</subfield>
    <subfield code="s">2026-03-12</subfield>
    <subfield code="t">38%</subfield>
    <subfield code="v">495.00</subfield>
    <subfield code="w">2025-10-29</subfield>
    <subfield code="y">BK</subfield>
    <subfield code="z">BTIN-BK-11869</subfield>
  </datafield>
  <datafield tag="952" ind1=" " ind2=" ">
    <subfield code="0">0</subfield>
    <subfield code="1">0</subfield>
    <subfield code="2">ddc</subfield>
    <subfield code="4">0</subfield>
    <subfield code="7">0</subfield>
    <subfield code="a">BTIN</subfield>
    <subfield code="b">BTIN</subfield>
    <subfield code="d">2025-11-18</subfield>
    <subfield code="e">Patil Medical Book</subfield>
    <subfield code="g">306.90</subfield>
    <subfield code="i">2026</subfield>
    <subfield code="l">5</subfield>
    <subfield code="o">AD 610.6 KAU B11870</subfield>
    <subfield code="p">BTIN-BK-11870</subfield>
    <subfield code="q">2026-04-13</subfield>
    <subfield code="r">2026-03-12 16:26:00</subfield>
    <subfield code="s">2026-03-12</subfield>
    <subfield code="t">38%</subfield>
    <subfield code="v">495.00</subfield>
    <subfield code="w">2025-10-29</subfield>
    <subfield code="y">BK</subfield>
    <subfield code="z">BTIN-BK-11870</subfield>
  </datafield>
  <datafield tag="952" ind1=" " ind2=" ">
    <subfield code="0">0</subfield>
    <subfield code="1">0</subfield>
    <subfield code="2">ddc</subfield>
    <subfield code="4">0</subfield>
    <subfield code="7">0</subfield>
    <subfield code="a">BTIN</subfield>
    <subfield code="b">BTIN</subfield>
    <subfield code="d">2025-11-18</subfield>
    <subfield code="e">Patil Medical Book</subfield>
    <subfield code="g">306.90</subfield>
    <subfield code="i">2026</subfield>
    <subfield code="l">4</subfield>
    <subfield code="m">1</subfield>
    <subfield code="o">AD 610.6 KAU B11871</subfield>
    <subfield code="p">BTIN-BK-11871</subfield>
    <subfield code="q">2026-04-13</subfield>
    <subfield code="r">2026-03-10 16:26:00</subfield>
    <subfield code="s">2026-03-10</subfield>
    <subfield code="t">38%</subfield>
    <subfield code="v">495.00</subfield>
    <subfield code="w">2025-10-29</subfield>
    <subfield code="y">BK</subfield>
    <subfield code="z">BTIN-BK-11871</subfield>
  </datafield>
  <datafield tag="952" ind1=" " ind2=" ">
    <subfield code="0">0</subfield>
    <subfield code="1">0</subfield>
    <subfield code="2">ddc</subfield>
    <subfield code="4">0</subfield>
    <subfield code="7">0</subfield>
    <subfield code="a">BTIN</subfield>
    <subfield code="b">BTIN</subfield>
    <subfield code="d">2025-11-18</subfield>
    <subfield code="e">Patil Medical Book</subfield>
    <subfield code="g">306.90</subfield>
    <subfield code="i">2026</subfield>
    <subfield code="l">2</subfield>
    <subfield code="m">1</subfield>
    <subfield code="o">AD 610.6 KAU B11872</subfield>
    <subfield code="p">BTIN-BK-11872</subfield>
    <subfield code="r">2026-03-20 16:19:00</subfield>
    <subfield code="s">2026-03-13</subfield>
    <subfield code="t">38%</subfield>
    <subfield code="v">495.00</subfield>
    <subfield code="w">2025-10-29</subfield>
    <subfield code="y">BK</subfield>
    <subfield code="z">BTIN-BK-11872</subfield>
  </datafield>
  <datafield tag="952" ind1=" " ind2=" ">
    <subfield code="0">0</subfield>
    <subfield code="1">0</subfield>
    <subfield code="2">ddc</subfield>
    <subfield code="4">0</subfield>
    <subfield code="7">0</subfield>
    <subfield code="a">BTIN</subfield>
    <subfield code="b">BTIN</subfield>
    <subfield code="d">2025-11-18</subfield>
    <subfield code="e">Patil Medical Book</subfield>
    <subfield code="g">306.90</subfield>
    <subfield code="i">2026</subfield>
    <subfield code="l">3</subfield>
    <subfield code="m">1</subfield>
    <subfield code="o">AD 610.6 KAU B11873</subfield>
    <subfield code="p">BTIN-BK-11873</subfield>
    <subfield code="q">2026-04-13</subfield>
    <subfield code="r">2026-03-23 16:50:00</subfield>
    <subfield code="s">2026-03-23</subfield>
    <subfield code="t">38%</subfield>
    <subfield code="v">495.00</subfield>
    <subfield code="w">2025-10-29</subfield>
    <subfield code="y">BK</subfield>
    <subfield code="z">BTIN-BK-11873</subfield>
  </datafield>
  <datafield tag="952" ind1=" " ind2=" ">
    <subfield code="0">0</subfield>
    <subfield code="1">0</subfield>
    <subfield code="2">ddc</subfield>
    <subfield code="4">0</subfield>
    <subfield code="7">0</subfield>
    <subfield code="a">BTIN</subfield>
    <subfield code="b">BTIN</subfield>
    <subfield code="d">2025-11-18</subfield>
    <subfield code="e">Patil Medical Book</subfield>
    <subfield code="g">306.90</subfield>
    <subfield code="i">2026</subfield>
    <subfield code="l">3</subfield>
    <subfield code="o">AD 610.6 KAU B11874</subfield>
    <subfield code="p">BTIN-BK-11874</subfield>
    <subfield code="q">2026-04-13</subfield>
    <subfield code="r">2026-03-12 16:28:00</subfield>
    <subfield code="s">2026-03-12</subfield>
    <subfield code="t">38%</subfield>
    <subfield code="v">495.00</subfield>
    <subfield code="w">2025-10-29</subfield>
    <subfield code="y">BK</subfield>
    <subfield code="z">BTIN-BK-11874</subfield>
  </datafield>
  <datafield tag="952" ind1=" " ind2=" ">
    <subfield code="0">0</subfield>
    <subfield code="1">0</subfield>
    <subfield code="2">ddc</subfield>
    <subfield code="4">0</subfield>
    <subfield code="7">0</subfield>
    <subfield code="a">BTIN</subfield>
    <subfield code="b">BTIN</subfield>
    <subfield code="d">2025-11-18</subfield>
    <subfield code="e">Patil Medical Book</subfield>
    <subfield code="g">306.90</subfield>
    <subfield code="i">2026</subfield>
    <subfield code="l">3</subfield>
    <subfield code="m">4</subfield>
    <subfield code="o">AD 610.6 KAU B11875</subfield>
    <subfield code="p">BTIN-BK-11875</subfield>
    <subfield code="q">2026-04-13</subfield>
    <subfield code="r">2026-03-13 16:21:00</subfield>
    <subfield code="s">2026-03-13</subfield>
    <subfield code="t">38%</subfield>
    <subfield code="v">495.00</subfield>
    <subfield code="w">2025-10-29</subfield>
    <subfield code="y">BK</subfield>
    <subfield code="z">BTIN-BK-11875</subfield>
  </datafield>
  <datafield tag="952" ind1=" " ind2=" ">
    <subfield code="0">0</subfield>
    <subfield code="1">0</subfield>
    <subfield code="2">ddc</subfield>
    <subfield code="4">0</subfield>
    <subfield code="7">0</subfield>
    <subfield code="a">BTIN</subfield>
    <subfield code="b">BTIN</subfield>
    <subfield code="d">2025-11-18</subfield>
    <subfield code="e">Patil Medical Book</subfield>
    <subfield code="g">306.90</subfield>
    <subfield code="i">2026</subfield>
    <subfield code="l">2</subfield>
    <subfield code="m">3</subfield>
    <subfield code="o">AD 610.6 KAU B11876</subfield>
    <subfield code="p">BTIN-BK-11876</subfield>
    <subfield code="r">2026-03-16 17:28:00</subfield>
    <subfield code="s">2026-02-21</subfield>
    <subfield code="t">38%</subfield>
    <subfield code="v">495.00</subfield>
    <subfield code="w">2025-10-29</subfield>
    <subfield code="y">BK</subfield>
    <subfield code="z">BTIN-BK-11876</subfield>
  </datafield>
  <datafield tag="952" ind1=" " ind2=" ">
    <subfield code="0">0</subfield>
    <subfield code="1">0</subfield>
    <subfield code="2">ddc</subfield>
    <subfield code="4">0</subfield>
    <subfield code="7">0</subfield>
    <subfield code="a">BTIN</subfield>
    <subfield code="b">BTIN</subfield>
    <subfield code="d">2025-11-18</subfield>
    <subfield code="e">Patil Medical Book</subfield>
    <subfield code="g">306.90</subfield>
    <subfield code="i">2026</subfield>
    <subfield code="l">3</subfield>
    <subfield code="o">AD 610.6 KAU B11877</subfield>
    <subfield code="p">BTIN-BK-11877</subfield>
    <subfield code="q">2026-04-13</subfield>
    <subfield code="r">2026-03-10 17:38:00</subfield>
    <subfield code="s">2026-03-10</subfield>
    <subfield code="t">38%</subfield>
    <subfield code="v">495.00</subfield>
    <subfield code="w">2025-10-29</subfield>
    <subfield code="y">BK</subfield>
    <subfield code="z">BTIN-BK-11877</subfield>
  </datafield>
</record>
